000 00602nam a2200253Ia 4500
003 OSt
005 20221006145002.0
006 a|||||r|||| 00| 0
007 ta
008 221006b |||||||| |||| 00| 0 eng d
020 _c6.00
024 _a13,425
037 _cTextual
040 _aEASL
_cEASL
_beng
041 _2eng
_aeng
082 _aV4295,1wM87, H9
100 _aCHEN
_9653134
245 0 _aJen-Min Kung-ti Chiag Kai-Shek
260 _c1949
300 _a222p.
_ccm.
490 _v CL
942 _hV4295,1wM87, H9
_cTEXL
_2CC
999 _c1081511
_d1081511